| 000 | 00820cab a2200277 4500 | ||
|---|---|---|---|
| 001 | ABS49301 | ||
| 008 | 090401t1993 xxu||||| |||| 00| 0 eng d | ||
| 035 | _a(Sirsi) u70815 | ||
| 041 | _aeng | ||
| 245 | _aEstates Times Survey : Northamptonshire | ||
| 260 | _c1993 | ||
| 350 | _a0 | ||
| 490 |
_aEstates Times _v(1202) 3 September 1993. 8-20(11) |
||
| 650 | _aA1/M1 LINK | ||
| 650 | _aCORBY | ||
| 650 | _aINDUSTRIAL MARKET | ||
| 650 | _aKETTERING | ||
| 650 | _aNORTHAMPTON | ||
| 650 | _aPROPERTY-COMMERCIAL PROPERTY-OFFICE PROPERTY-OFFICE PROPERTY MARKET | ||
| 650 | _aRELOCATION | ||
| 650 | _aPROPERTY-COMMERCIAL PROPERTY-RETAIL PROPERTY-RETAIL PROPERTY MARKET | ||
| 650 | _aWELLINGBOROUGH | ||
| 690 | _aPROPERTY-COMMERCIAL PROPERTY-COMMERCIAL PROPERTY MARKET | ||
| 942 | _n0 | ||
| 948 | _c04/03/1997 | ||
| 999 |
_c44597 _d44597 |
||